000 00870nam a2200241 a 4500
001 BRCA_1518
005 20190320203447.0
008 890530s1989 nyua---##b---#000-0#eng-#
020 _a0870706756
050 4 _aND813.P5
_b.R93 1989
100 1 _aRubin, William Stanley
_94927
245 1 0 _aPicasso and Braque
_bPioneering Cubism
_cWilliam Rubin.
260 _aNueva York
_bThe Museum of Modern Art
_c1989
300 _a460 p.
_bil. (algunas acolor)
_c28 cm.
500 _aCatálogo de la exposición realizada en The Museum of Modern Art (New York)
504 _aBibliografía: p. 445-452
600 1 4 _aPicasso, Pablo
_d1881-1973
_vExposiciones
_94928
600 1 4 _aBraque, Georges
_d1882-1963
_vExposiciones
_94929
650 1 4 _aPinturas
_vCatálogos
_94930
700 1 _aPicasso, Pablo
_d1881-1973
_94496
700 1 _aBraque, Georges
_d1882-1963
_94931
942 _2lcc
_cB
999 _c1372
_d1372